000 00639nam a22001937a 4500
003 0
005 20240918102530.0
008 240918b xxu||||| |||| 00| 0 eng d
020 _a978-1-03-236519-0
050 _aP 94.6
_b.J33 2024
100 _aJackson, Jane
245 _aIntroducing language and intercultural communication
_cJane Jackson
250 _aThird edition
260 _aNew York
_bRoutledge
_cc2024
300 _axx, 413 pages :
_bblack and white illustrations and pictures ;
_c25cm.
504 _aIncludes bibliographical references, glossary and index.
650 _aIntercultural communication.
942 _2lcc
_cBK
999 _c366236
_d366236